| 000 | 00456nam a2200169Ia 4500 | ||
|---|---|---|---|
| 003 | GCL | ||
| 008 | 140319s9999 xx 000 0 eng d | ||
| 040 |
_aGCL / _cGCL |
||
| 082 | 0 | 4 |
_a956 _bG A |
| 100 | 1 | _aGALLAHER, NANCY ELIZAETH | |
| 245 | 1 | 0 |
_aAPPROACHES TO THE HISTORY OF THE MIDDLE EAST / _cGALLAHER, NANCY ELIZAETH |
| 260 |
_a[S.N] : _bI THACA PRESS ، _c1994 |
||
| 300 | _a197 P | ||
| 650 | 0 | 4 | _aHISTORY |
| 650 | 0 | 4 | _aMIDDLE EAST |
| 942 |
_2ddc _cBK |
||
| 999 |
_c24182 _d24182 |
||